000
00301nam a2200109 4500
999
_c
8520
_d
8520
008
180209b xxu||||| |||| 00| 0 eng d
245
_a
Sense of security, yes: happiness:
_b
IDPS on ML.
260
_a
Philippines:
_b
Sun Star Davao,
_c
c2017.
300
_a
page 4.
650
0
_9
37103
_a
Law.
942
_2
ddc
_c
PER